000
00322nam a22001337a 4500
008
181219b xxu||||| |||| 00| 0 eng d
020
_a
0517605260
041
_a
eng
080
_a
371
100
_a
46
101
_a
EDU
245
_a
A Manual of Style A Guide to the Basics of Good Writing
_c
Hines,R.E
942
_2
udc
_c
BK
999
_c
53489
_d
53489